Statistiques concernant Pays d'Asie avec une carte vierge - une minute sprint

Cliquez ici pour prendre le quiz!

Statistiques générales

  • Ce quiz a été pris 601 fois
  • Le résultat moyen est 27 sur 48

Réponses sur la Carte

Les réponses sont colorées sur une échelle allant du rouge au vert en fonction du pourcentage des utilisateurs qui les ont devinées à leur premier essai. Vous pouvez retrouver ces pourcentages ci-dessous.
 

Statistiques - réponses

Pays% Correct
Chine
94%
Inde
86%
Japon
82%
Iran
77%
Irak
74%
Mongolie
72%
Pakistan
71%
Indonésie
70%
Laos
68%
Népal
68%
Thaïlande
68%
Viêt Nam
66%
Corée du Nord
64%
Corée du Sud
64%
Oman
62%
Afghanistan
61%
Kazakhstan
61%
Yémen
61%
Bhoutan
58%
Philippines
58%
Turquie
58%
Cambodge
57%
Arabie Saoudite
56%
Malaisie
56%
Birmanie
53%
Syrie
53%
Israël
52%
Qatar
52%
Liban
51%
Bangladesh
50%
Koweït
50%
Taïwan
50%
Sri Lanka
49%
Ouzbékistan
48%
Émirats arabes unis
46%
Jordanie
46%
Géorgie
45%
Singapour
43%
Azerbaïdjan
42%
Bahreïn
42%
Turkménistan
42%
Tadjikistan
41%
Arménie
40%
Brunei
40%
Chypre
38%
Kirghizistan
34%
Maldives
30%
Timor oriental
29%

Distribution des résultats

Percentile par nombre de réponses

% des personnes avec chaque résultat

Votre développement - résultats

Vous n’avez pas pris ce quiz